000
00281nam a2200121Ia 4500
005
20251222154439.0
008
251222s9999||||xx |||||||||||||| ||spa||
020
_a
84-7634-746-4
082
_a
848.8/V53F
100
_a
"Verne, Julio"
245
0
_a
Una ciudad flotante
942
_c
LIB
999
_c
36714
_d
36714